000 00891nam a2200277Ia 4500
001 Para_7953
003 CHAP
008 220125s9999 xx 000 0 und d
010 _a206882
040 _cCHAP
082 _aPA-C 595.75 H4
100 _aBeamer, R.H.
245 _aNotes on the 17 year cicada in Kansas /
_c by R. H. Beamer
300 _a6 p.
440 _aHemiptera; 10
_9171909
500 _aSobretiro de: Journal Kansas Entomological Society 4 (3): 53-58, 1931. Encuadernados con otros impresos similares
650 _a
_x Hemípteros
_x colecciones de escritos
_x Cicadelidos
_x Tibicen septendecim
_9173228
710 _aJournal Kansas Entomological Society 4 (3)
_9173229
901 _aPA-C 595.75 H4
902 _aA
905 _a000000 0000000000 00
910 _a
942 _cPARA
942 _cPARA
_d1
999 _c206882
_d206882